Normal view
MARC view
- Information Security Ph. D Thesis.
Entry Topical Term
001 - CONTROL NUMBER
- control field: 18642
003 - CONTROL NUMBER IDENTIFIER
- control field: NUST
005 - DATE AND TIME OF LATEST TRANSACTION
- control field: 20190726073752.0
008 - FIXED-LENGTH DATA ELEMENTS
- fixed length control field: 190726|| aca||aabn | a|a d
040 ## - CATALOGING SOURCE
- Original cataloging agency: NUST
- Transcribing agency: NUST
150 ## - HEADING--TOPICAL TERM
- Topical term or geographic name entry element: Information Security Ph. D Thesis.
670 ## - SOURCE DATA FOUND
- Source citation: Work cat.: (NUST): Ahmed, Nazir Malik 18641, SECURITY IN PERVASIVE COMPUTING ENVIRONMENT /, 2012.
